| 000 | 00611nam a2200193 i 4500 | ||
|---|---|---|---|
| 001 | 115809 | ||
| 003 | ES-MaACL | ||
| 005 | 20230906190550.0 | ||
| 007 | t| | ||
| 008 | 070517s1909 sp ||||1| spa d | ||
| 100 | 1 |
_aRuppert, Enrique. _9101005 |
|
| 245 | 1 | 0 |
_aClave de los temas de la gramática alemana para uso de los españoles / _cpor Enrique Ruppert. |
| 250 | _a3ª ed. | ||
| 260 |
_aMadrid ; _aHeidelberg : _bJulio Groos, _c1909. |
||
| 300 |
_a94 p. ; _c19 cm. |
||
| 500 | _aPrecede al tít: Método Gaspey-Otto-Sauer. | ||
| 650 | 0 | 4 |
_aLengua alemana- _vMétodos. _914086 |
| 852 |
_aES-MaACL _jB-2606 |
||
| 999 |
_c115809 _d115809 |
||